ՀՀ Գիտությունների ազգային ակադեմիայի հիմնարար գիտական գրադարան  =   Fundamental Scientific Library of NAS RA

Այգ : (Record no. 170925)

MARC details
000 -LEADER
fixed length control field 00577nas a2200205 a 4500
001 - CONTROL NUMBER
control field 000468290
003 - CONTROL NUMBER IDENTIFIER
control field AM-YeHGA
005 - DATE AND TIME OF LATEST TRANSACTION
control field 20250617133758.0
008 - FIXED-LENGTH DATA ELEMENTS--GENERAL INFORMATION
fixed length control field 051212c19489999cy |rzp 0 0arm d
040 ## - CATALOGING SOURCE
Original cataloging agency AM-YeHGA
041 0# - LANGUAGE CODE
Language code of text/sound track or separate title arm
090 ## - LOCALLY ASSIGNED LC-TYPE CALL NUMBER (OCLC); LOCAL CALL NUMBER (RLIN)
-- 172363
222 #0 - KEY TITLE
Key title Այգ
245 00 - TITLE STATEMENT
Title Այգ :
Remainder of title Պարբերաթերթ Մելգոնեան կրթական հաստատութեան սան-սանուհիներու.
260 ## - PUBLICATION, DISTRIBUTION, ETC.
Place of publication, distribution, etc. Նիկոսիա :
Name of publisher, distributor, etc. Ա.հ.,
Date of publication, distribution, etc. 1948-.
300 ## - PHYSICAL DESCRIPTION
Extent համար :
Other physical details նկ.
362 0# - DATES OF PUBLICATION AND/OR SEQUENTIAL DESIGNATION
Dates of publication and/or sequential designation 1948-
650 04 - SUBJECT ADDED ENTRY--TOPICAL TERM
Topical term or geographic name entry element Ամսագիր
942 ## - ADDED ENTRY ELEMENTS (KOHA)
Source of classification or shelving scheme Universal Decimal Classification
Koha item type Շարունակական պաշար / Continuing Resource
Holdings
Withdrawn status Lost status Damaged status Not for loan Collection Home library Current library Date acquired Serial enumeration / chronology Total checkouts Full call number Barcode Date last seen Price effective from Koha item type Public note Source of classification or shelving scheme
        General Fundamental Scientific Library Fundamental Scientific Library 28/12/2016 1961-62, № 1-2   АЖ 13 50-78127 28/12/2016 28/12/2016 Շարունակական պաշար / Continuing Resource 30 Days Loan  
        Pogharian Individual Collection Fundamental Scientific Library Fundamental Scientific Library 28/12/2016 1950, № 5   Պող/239 FL0309603 28/12/2016 28/12/2016 Շարունակական պաշար / Continuing Resource ILL Non-Circ. Universal Decimal Classification
        Pogharian Individual Collection Fundamental Scientific Library Fundamental Scientific Library 28/12/2016 1948, № 1-3   Պող/240 FL0309600 28/12/2016 28/12/2016 Շարունակական պաշար / Continuing Resource ILL Non-Circ. Universal Decimal Classification
        Pogharian Individual Collection Fundamental Scientific Library Fundamental Scientific Library 28/12/2016 1970, № 1-2   Պող/241 FL0309601 28/12/2016 28/12/2016 Շարունակական պաշար / Continuing Resource ILL Non-Circ. Universal Decimal Classification
        Pogharian Individual Collection Fundamental Scientific Library Fundamental Scientific Library 28/12/2016 1971, № 1 (3)   Պող/242 FL0309602 28/12/2016 28/12/2016 Շարունակական պաշար / Continuing Resource ILL Non-Circ. Universal Decimal Classification


ՀՀ ԳԱԱ հիմնարար գիտական գրադարան
ՀՀ,Երևան 0019
Մարշալ Բաղրամյան 24/6
հեռախոս:(374-10) 52-47-50
Հետադարձ կապ

All site content, except where otherwise noted, is licensed under a
Creative Commons License